| 000 | 00000nam##2200000za#4500 |
| 001 | 9.590550 |
| 003 | CaOODSP |
| 005 | 20210624200159 |
| 007 | cr ||||||||||| |
| 008 | 150406|1993||||xxc|||||o f|0| 0 fre|d |
| 040 | |aCaOODSP|bfre |
| 041 | |aeng |
| 041 | |afre |
| 043 | |an-cn--- |
| 086 | 1 |aS52-2/219-1993-PDF |
| 110 | 1 |aCanada.|bTravaux publics et Services gouvernementaux Canada.|bBureau de la traduction. |
| 245 | 10|aVocabulaire combinatoire de la CFAO mécanique / |h[ressource électronique]|c[par] Claude Lainé. |
| 260 | |aOttawa - Ontario : |bTravaux publics et Services gouvernementaux Canada. |cc1993. |
| 300 | |a167p. |
| 490 | 1 |aBulletin de terminologie|vN° 219 |
| 500 | |aÉdition numérisée de l'imprimé. [Produit par les Éditions et Services de dépôt, 2014.] Publié par Services de traduction, Direction de la terminologie et des services linguistiques. Sur la p. de t. : Réseau international de néologie et de terminologie (Rint) |
| 504 | |aBibliographie. |
| 590 | |a14-22-Supp|b2014-12-24 |
| 720 | 1 |aLainé, Claude |
| 776 | 0#|tCombinatory vocabulary of CAD-CAM in mechanical engineering / |w(CaOODSP)9.516548 |
| 791 | |tCombinatory vocabulary of CAD-CAM in mechanical engineering / |eeng|w(CaOODSP)9.590549 |
| 830 | #0|aBulletin de terminologie ;|vN° 219|w(CaOODSP)9.500140 |
| 856 | 40|ahttp://publications.gc.ca|qPDF|s2083 Ko|uhttps://publications.gc.ca/collections/collection_2014/tpsgc-pwgsc/S52-2-219-1993.pdf|yN° 219 |